000
00283nam a2200121Ia 4500
005
20251222155200.0
008
251222s9999||||xx |||||||||||||| ||spa||
082
_a
MAN.45
100
_a
ZAMBRANO Manuel
245
0
_a
Revista Psiquiátrica Peruana
264
_b
No tiene
942
_c
LIB
999
_c
39911
_d
39911